000 01571naa a22003137a 4500
001 BR8401943
003 BR-BrBNA
005 20250721154440.0
007 ta
008 250630b bl.|||m| |||| 00| 0 por d
040 _aBR-BrBNA
_bpor
_cBiblioteca Nacional de Agricultura
041 _a(Pt)
072 _aF00; F25
_b0180
_b3830
_bG514
090 _aF00 BR8401943
100 1 _aSiqueira, O.J.F. de
111 1 _a13. Reuniao Nacional de Pesquisa de Trigo
_cCruz Alta, RS (Brazil)
_d16-20 Jul 1984
245 1 _aRendimentos do trigo em relacao ao teor de fosforo disponivel em alguns solos argilosos do planalto do Rio Grande do Sul [Triticum aestivum, fertilidade do solo, Brasil]
246 1 _a[Wheat yields regarding available phosphorus contents in some clayish soils in the plateau of Rio Grande do Sul [Triticum aestivum, soil fertility, Brazil]]
246 1 _aResearch findings from the National Center of Wheat Research presented at the 13. RENAPET
500 _aResultados de pesquisa do Centro Nacional de Pesquisa de Trigo apresentados na 13. RENAPET Passo Fundo, RS (Brasil): 1984. p. 143-148 [Summary (Pt)] (BR8401943-AMS)
773 0 _tResultados de pesquisa do Centro Nacional de Pesquisa de Trigo apresentados na 13. RENAPET
_wF00 BR8401943
_gPasso Fundo, RS (Brasil), 1984. p. 143-148
650 _aPRODUCAO VEGETAL
650 _aTRIGO
650 _aFERTILIDADE DO SOLO
650 _aFOSFORO
490 _aDocumentos - Centro Nacional de Pesquisa de Trigo (Brazil)
_vno. 7
942 _cAMS
_2AGRIS
909 _a202506
_bLúcia
_c55
_dLúcia Elande
999 _c334836
_d334836